| 000 | 01472cam a22003375a 4500 | ||
|---|---|---|---|
| 001 | 17125468 | ||
| 003 | NUST-PNEC | ||
| 005 | 20170116180735.0 | ||
| 008 | 120118s1999 cc 001 0 eng | ||
| 010 | _a 2011499954 | ||
| 020 | _a1565922867 | ||
| 020 | _a9781565922860 | ||
| 020 | _a8173660735 | ||
| 040 |
_aDLC _cPNEC |
||
| 042 | _apcc | ||
| 082 | _a005.133 SIE | ||
| 100 | 1 | _aSiever, Ellen. | |
| 245 | 1 | 0 |
_aPerl in a nutshell : a desktop quick reference / _cEllen Siever, Stephen Spainhour & Nathan Patwardhan. |
| 246 | 3 | 0 | _aDesktop quick reference |
| 260 |
_aBeijing ; _aCambridge : _bO'Reilly, _cc1999. |
||
| 300 |
_axviii, 654 p. ; _c23 cm. |
||
| 500 | _aIncludes index. | ||
| 504 | _aIncludes index. | ||
| 505 | 0 | _aOn disk: Perl in a nutshell / by Ellen Siever, Stephen Spainhour & Nathan Patwardhan -- Programming Perl. 3rd ed. / by Larry Wall, Tom Christiansen & Jon Orwant -- Advanced Perl programming / by Sriram Srinivasan -- Perl cookbook / by Tom Christiansen and Nathan Torkington -- Perl for system administration / by David N. Blank-Edelman. | |
| 530 | _aAlso issued online. | ||
| 650 | 0 |
_aPerl (Computer program language) _xMIS, Computer |
|
| 856 | _uhttp://www.amazon.com/Perl-Nutshell-Ellen-Siever/dp/1565922867/ref=sr_1_1?s=books&ie=UTF8&qid=1416755223&sr=1-1&keywords=1565922867 | ||
| 906 |
_a0 _bibc _corigres _d2 _encip _f20 _gy-gencatlg |
||
| 942 |
_2ddc _cBK |
||
| 999 |
_c61942 _d61942 |
||